000053542 001__ 53542
000053542 005__ 20250827141348.0
000053542 041__ $$aeng
000053542 0881_ $$aGSI Report 1990-1
000053542 088__ $$2GSI$$aGSI Report 1990-1
000053542 1001_ $$0P:(DE-Ds200)BUDP1-0357$$aGrundinger, Ursula$$b0$$eEditor$$ugsi
000053542 245__ $$aGSI Scientific Report 1989 [GSI Report 1990-1]
000053542 260__ $$aDarmstadt$$bGSI$$c1990
000053542 300__ $$a427 p.
000053542 3367_ $$0PUB:(DE-HGF)3$$2PUB:(DE-HGF)$$aBook$$bbook$$mbook$$s1369844369_7212
000053542 3367_ $$2DRIVER$$abook
000053542 3367_ $$2BibTeX$$aBOOK
000053542 3367_ $$01$$2EndNote$$aBook
000053542 3367_ $$0PUB:(DE-HGF)15$$2PUB:(DE-HGF)$$aInternal Report$$mintrep
000053542 4900_ $$aGSI Report$$v1990-1$$x0171-4546
000053542 4900_ $$aGSI Scientific Report$$v1989$$x0174-0814
000053542 500__ $$aWissenschaftlicher Ergebnisbericht der GSI, GSI Annual Report
000053542 8564_ $$uhttps://repository.gsi.de/record/53542/files/GSI-Report-1990-1.pdf$$yOpenAccess
000053542 8527_ $$2DE-Ds200$$aGSI/FAIR Library$$bMain$$cReport 1990-1$$hReport$$p00029995$$t1
000053542 8527_ $$2DE-Ds200$$aGSI/FAIR Library$$bMain$$cReport 1990-1$$hReport$$p00039932$$t2
000053542 8767_ $$2DE-Ds200$$aGSI/FAIR Library$$d1900-01-01$$eUnknown$$hnot for loan$$javailable$$p00029995$$t1
000053542 8767_ $$2DE-Ds200$$aGSI/FAIR Library$$d2022-06-20$$eUnknown$$hnot for loan$$javailable$$p00039932$$t2
000053542 909CO $$ooai:repository.gsi.de:53542$$popenaire$$popen_access$$pVDB$$pdriver$$pdnbdelivery$$qec_fundedresources
000053542 9131_ $$0G:(DE-HGF)POF2-533$$1G:(DE-HGF)POF2-530$$2G:(DE-HGF)POF2-500$$3G:(DE-HGF)POF2$$4G:(DE-HGF)POF$$aDE-HGF$$bStruktur der Materie$$lPhysik der Hadronen und Kerne$$vExotic Nuclei and Nuclear Astrophysics (ENNA)$$x0
000053542 9141_ $$y1990
000053542 915__ $$0StatID:(DE-HGF)0510$$2StatID$$aOpenAccess
000053542 9101_ $$0I:(DE-Ds200)19901206GSI$$6P:(DE-Ds200)OR0387$$aGSI Helmholtzzentrum für Schwerionenforschung GmbH$$b0$$kGSI
000053542 920__ $$lyes
000053542 9201_ $$0I:(DE-Ds200)BUD-20051214OR030$$kBUD$$lBibliothek u. Dokumentation$$x0
000053542 9201_ $$0I:(DE-Ds200)RED-20051214OR019$$kF$$lForschung$$x1
000053542 980__ $$abook
000053542 980__ $$aVDB
000053542 980__ $$aUNRESTRICTED
000053542 980__ $$aintrep
000053542 980__ $$aI:(DE-Ds200)BUD-20051214OR030
000053542 980__ $$aI:(DE-Ds200)RED-20051214OR019
000053542 980__ $$aGSI Scientific Report 1989
000053542 980__ $$aGSI Scientific Report
000053542 980__ $$aGSI Report
000053542 980__ $$aGSI Report 1989
000053542 980__ $$aGSIasPublisher
000053542 980__ $$aFullTexts
000053542 9801_ $$aFullTexts
000053542 9801_ $$aGSIasPublisher
000053542 9801_ $$aGSI Report
000053542 9801_ $$aGSI Scientific Report
000053542 9801_ $$aOPAC